Państwa z najdłuższymi liniami brzegowymi (Dla Geomexa) - Statystyki

Ogólne statystyki
  • Ten quiz został rozwiązany 139 razy
  • Średni wynik to 8 z 10
Statystyki odpowiedzi
Długość Państwo % Poprawnych
19 924km Stany Zjednoczone
99%
37 653km Rosja
98%
202 080km Kanada
97%
14 500km Chiny
87%
25 760km Australia
86%
83 281km Norwegia
75%
54 728km Indonezja
73%
29 751km Japonia
73%
15 134km Nowa Zelandia
52%
36 289km Filipiny
43%
Nie znaleziono quizów pasujących do podanych kryteriów
Rozkład punktacji
Procent ludzi z każdym wynikiem
Percentyl według liczby udzielonych odpowiedzi
Twoja historia wyników
Nie rozwiązałeś tego quizu